| 000 | 01192nam a22003377a 4500 | ||
|---|---|---|---|
| 003 | CHAP | ||
| 005 | 20220329135121.0 | ||
| 008 | 971013s1976 r 00010 d | ||
| 010 | _a31206 | ||
| 011 | _a32178 | ||
| 035 | _a36291 | ||
| 040 | _cCHAP | ||
| 090 | _aFolleto 7471 | ||
| 100 | 0 | 0 |
_aCoutiño Estrada, Bulmaro de Jesús. _928670 |
| 245 | _aCómo cultivar maíz en los valles centrales de Chiapas | ||
| 260 |
_aMéxico : _bInstituto Nacional de Investigaciones Agrícolas. Campo Agrícola Experimental Valles Centrales Chapingo, _c1976 |
||
| 300 |
_a16 p. _b: ilus. |
||
| 490 |
_aINIA. México. Circular CIASE _v; 53 |
||
| 590 |
_aBATCH-UPD _b10 _c20130110 _lUCH01 _h0134 |
||
| 590 |
_aBATCH-UPD _b10 _c20130110 _lUCH01 _h1721 |
||
| 590 |
_aBATCH-UPD _b10 _c20130409 _lUCH01 _h2130 |
||
| 590 |
_aBATCH-UPD _b10 _c20130410 _lUCH01 _h1104 |
||
| 590 |
_aBATCH-UPD _b10 _c20130914 _lUCH01 _h1055 |
||
| 590 |
_aCONVERSION _b10 _c20130109 _lUCH01 _h1318 |
||
| 650 | 1 | 4 |
_aMaíz _zChiapas. _971091 |
| 700 | 0 |
_aGerón Xavier, Franco. _947774 |
|
| 830 | 0 |
_aINIA. México. Circular CIASE _v; 53 _958584 |
|
| 901 | _aBK | ||
| 942 | _cFOLL | ||
| 949 |
_aFolleto 7471 _bBC _cFOLL _d-83723 _eTS1 _i36291 _mD _si |
||
| 999 |
_c31206 _d31206 |
||